French Region Flags - Statistics

General Stats
  • This quiz has been taken 145 times
  • The average score is 7 of 11
Answer Stats
Picture Answer % Correct
Corsica
94%
Brittany
87%
Normandy
69%
Occitanie
61%
Provence-Alpes-Côte d'Azur
60%
Auvergne-Rhône-Alpes
58%
Pays-de-la-Loire
56%
Bourgogne-Franche-Comté
52%
Hauts-de-France
50%
Centre-Val de Loire
48%
Nouvelle-Aquitaine
48%
No matching quizzes found
Score Distribution
Percent of People with Each Score
Percentile by Number Answered
Your Score History
You have not taken this quiz